00928cam a22002771 450000100060000000300080000600500170001400800390003103500190007003500190008904000270010804100080013508200200014310000410016324500450020426000440024930000340029350400410032750400200036865000280038865000200041665100430043694200120047999900170049195201420050827217BD-RjUL20211209051128.0140324s1945 nyu 001 0 eng a(BD-RjUL)27289 a(OCoLC)3302681 aDLCcOTUdBD-RjULbeng aeng00a956.9bREJ 19451 aRevusky, Abraham,d1889-1946.98351810aJews in Palestine /cby Abraham Revusky. aNew York :bThe Vanguard press,cc1945. axix, 363 p. :bill. ;c22 cm. a"Selected bibliography": p. 349-351. aIncludes index. 0aJewszPalestine.972204 0aZionism.971861 0aPalestinexEconomic conditions.983519 2ddccBK c27217d27217 00102ddc40728NFICaRUCLbRUCLcReadingd1966-11-11eA. I. Qurashig14.40l0o956.9 REJ 1945r2014-03-24 00:00:00tC-1w2014-03-24yBK